| 000 | 00507nam a2200169Ia 4500 | ||
|---|---|---|---|
| 001 | 19852 | ||
| 008 | 140408s9999 xx 000 0 und d | ||
| 020 | _a0-345-43899-x | ||
| 040 | _cPK-LaUMT | ||
| 082 |
_a 155.9042 _bCAR-N |
||
| 100 | _aCherie Carter-Scott | ||
| 245 |
_aNegaholics: _bHow to recover from your addiction to negativity and turn your life around. _cCherie Carter-Scott |
||
| 260 |
_aNew York,USA: _bThe Ballantine Publishing Group, _c1989 |
||
| 300 | _a243 p. | ||
| 546 | _aEN | ||
| 942 | _cBK | ||
| 999 |
_c20220 _d20220 |
||